Multiple-Choice-Stadtquiz Bonn - Statistiken

Allgemein
  • Dieses Quiz wurde 1.456 mal gespielt
    1.453 seit der letzten Aktualisierung
  • Das Durchschnittsergebnis liegt bei 6 aus 10
Antwortstatistiken
Frage Antwort % Korrekt
Bonn war früher die Hauptstadt von welchem Land? Bundesrepublik Deutschland
95%
Welcher Fluss fließt durch Bonn? Rhein
95%
Was hat die Uni Bonn? Einen Botanischen Garten
75%
Welcher Musiker hat ein eigenes "Haus" in Bonn? Beethoven
72%
Wenn man dem Fluss aus Frage 2 weiter südlich folgt, welche ist die nächste Großstadt? Koblenz
69%
Für welche Pflanze ist Bonn bekannt? Kirschblüte
55%
Welches Gebirge liegt etwa 15 km süd-östlich von Bonn? Siebengebirge
52%
Alle Autobahnen in Bonn beginnen mit welcher Ziffer? 5
51%
Welcher heißt offiziell "Freizeitpark" und wird stark vom Tierschutz kritisiert? Rheinaue
49%
In welcher Stadt liegt der Flughafen Köln/Bonn zum größten Teil? Köln
34%
Keine übereinstimmenden Quizze gefunden
Verteilung der Resultate
Anzahl Personen mit jedem Resultat
Perzentil nach korrekt beantworteten Fragen
Ihre Resultats-Entwicklung
Sie haben dieses Quiz seit der letzten Aktualisierung nicht gespielt